Personnages de La reine des Neiges - Statistiques

Statistiques générales
  • Ce quiz a été pris 96 fois
  • Le résultat moyen est 6 sur 10
Statistiques - réponses
Définition Personnage % Correct
Complètement givrée au coeur Anna
99%
Fan de carottes Sven
94%
Glaçon blond Elsa
89%
Certaines personnes ont le don de vous faire fondre Olaf
89%
Un roux qui déraille Hans
80%
Un SDF adopté par des rochers Kristoff
72%
Un vieux sorcier au coeur dur comme la pierre Grand Pabbie
27%
Vieux schnok qui perd sa perruque Duc de Weselton
22%
Elle a voulu se changer en sirène Reine Iduna
18%
Il a voulu se changer en triton Roi Agdar
15%
Aucun quiz correspondant
Distribution des résultats
% des personnes avec chaque résultat
Percentile par nombre de réponses
Votre historique - résultats
Vous n’avez pas pris ce quiz